[Event "28.Schlosspark-Open"]
[Site "Wiesbaden-Biebrich"]
[Date "2016.08.28"]
[Round "6.52"]
[White "Foerster-Yialamas, Lucas"]
[Black "Zeyen, Helmut"]
[Result "1-0"]
[WhiteElo "1635"]
[BlackElo "1819"]
[PlyCount "39"]
[EventDate "2016.??.??"]
[WhiteTeam "Big Apple"]
[BlackTeam "Wiesbadener SV"]

1. e4 d5 2. exd5 Nf6 3. d4 Qxd5 4. c4 Qd8 5. Nc3 c6 6. Be2 Bf5 7. Be3 e6 8. a3
Be7 9. Nf3 O-O 10. O-O Qc7 11. Rc1 Rd8 12. Qa4 Nbd7 13. b4 a5 14. b5 Nb6 15.
Qb3 a4 16. Qb2 Ng4 17. c5 Nd5 18. Nxd5 exd5 19. b6 Be4 20. bxc7 1-0

[Event "28.Schlosspark-Open"]
[Site "Wiesbaden-Biebrich"]
[Date "2016.08.28"]
[Round "6.53"]
[White "Hafensteiner, Tim"]
[Black "BÃ¼hler, Severin"]
[Result "1/2-1/2"]
[WhiteElo "1818"]
[BlackElo "1682"]
[PlyCount "93"]
[EventDate "2016.??.??"]
[WhiteTeam "Biebertaler SF"]
[BlackTeam "Heilbronner SV"]

1. e4 c5 2. Nc3 d6 3. Nf3 Nf6 4. d4 cxd4 5. Nxd4 a6 6. g3 e5 7. Nde2 Be7 8. Bg2
O-O 9. O-O Nbd7 10. a4 b6 11. Nd5 Nxd5 12. exd5 Bb7 13. c4 Qc7 14. Be3 Rac8 15.
Rc1 Qd8 16. b3 Bg5 17. Nc3 Bxe3 18. fxe3 Nf6 19. Qe2 Rc7 20. Rf2 Bc8 21. h3 Nd7
22. Rcf1 Nf6 23. g4 h6 24. e4 Nh7 25. Nd1 Qh4 26. Ne3 Ng5 27. Kh2 h5 28. Nf5
Bxf5 29. Rxf5 hxg4 30. Qxg4 Qxg4 31. hxg4 f6 32. R5f2 Rb8 33. Rc2 b5 34. axb5
axb5 35. Ra1 Rbc8 36. Rac1 bxc4 37. Rxc4 Rxc4 38. Rxc4 Rxc4 39. bxc4 Kf7 40.
Kg3 Ke7 41. Kf2 Kd7 42. Ke3 Kc7 43. Kd3 Kb6 44. Kc2 Nf7 45. Kb2 Nd8 46. Kc2 Nb7
47. Kb3 1/2-1/2

[Event "28.Schlosspark-Open"]
[Site "Wiesbaden-Biebrich"]
[Date "2016.08.28"]
[Round "6.54"]
[White "Gilg, Alfred"]
[Black "Achtmann, Armin"]
[Result "0-1"]
[WhiteElo "1695"]
[BlackElo "1940"]
[PlyCount "104"]
[EventDate "2016.??.??"]
[WhiteTeam "TuS Dotzheim"]
[BlackTeam "TuS Dotzheim"]

1. Nf3 d5 2. c4 c5 3. cxd5 Nf6 4. g3 Nxd5 5. Bg2 Nc6 6. b3 e5 7. Bb2 Bd6 8. O-O
Be6 9. d3 O-O 10. Nbd2 f6 11. Rc1 b6 12. Re1 Rc8 13. Ne4 Be7 14. Nc3 Qd7 15.
Nxd5 Bxd5 16. h4 Rcd8 17. Kh2 Nd4 18. Bxd4 exd4 19. Qc2 Qg4 20. Bh3 Qg6 21. Nd2
f5 22. f4 Rde8 23. Nf1 Bd6 24. e3 Qh5 25. Bg2 Bf7 26. Qf2 dxe3 27. Nxe3 Bb8 28.
Nc4 g5 29. Ne5 gxh4 30. gxh4 Bxe5 31. fxe5 Be6 32. Bf3 Qh6 33. Rg1+ Kh8 34. Rg5
Rg8 35. Rcg1 Rxg5 36. Rxg5 Rd8 37. Be2 Rd4 38. Bh5 Rxd3 39. Qf4 Qf8 40. Rg2 Rd4
41. Qg5 Rd7 42. Rd2 Rxd2+ 43. Qxd2 f4 44. Bf3 Qf5 45. Qd8+ Kg7 46. Bg2 f3 47.
Qe7+ Bf7 48. Qf6+ Qxf6 49. exf6+ Kxf6 50. Bxf3 Ke5 51. Kg3 b5 52. Kf2 Kd4 0-1

[Event "28.Schlosspark-Open"]
[Site "Wiesbaden-Biebrich"]
[Date "2016.08.28"]
[Round "6.56"]
[White "Stuhlmann, Florian"]
[Black "Moseler, Thomas"]
[Result "1-0"]
[WhiteElo "1850"]
[BlackElo "1620"]
[PlyCount "111"]
[EventDate "2016.??.??"]
[WhiteTeam "SC Lindenholzhausen"]
[BlackTeam "SK Lister Turm"]

1. d4 Nf6 2. c4 e6 3. Nc3 d5 4. cxd5 exd5 5. Bg5 c6 6. Qc2 Be7 7. e3 O-O 8. Bd3
Nbd7 9. Nge2 Re8 10. O-O Nf8 11. Rad1 Nh5 12. Bxe7 Qxe7 13. a3 a5 14. Na4 Qc7
15. Rc1 g6 16. Qb3 Nd7 17. Qxd5 Nhf6 18. Qf3 Qd6 19. h3 Nh5 20. Bc4 Rf8 21. Ba2
Ng7 22. Nc5 Nxc5 23. Rxc5 Be6 24. Bxe6 Nxe6 25. Rc2 Rfe8 26. Rfc1 Rad8 27. Nc3
Ng5 28. Qg4 f6 29. h4 h5 30. Qd1 Nf7 31. Qf3 Qe7 32. Na4 Nh6 33. Rc5 Ng4 34. g3
Rd5 35. Rxd5 cxd5 36. Qxd5+ Kf8 37. Qc5 Kg7 38. Qxe7+ Rxe7 39. Rc5 b6 40. Nxb6
Rb7 41. Nc4 f5 42. Rxa5 Nf6 43. b4 Ne4 44. Kg2 Rc7 45. Ne5 Rc2 46. Ra7+ Kg8 47.
Nxg6 Rxf2+ 48. Kg1 Rf3 49. Ne7+ Kf8 50. Nd5 Rxg3+ 51. Kf1 Rg4 52. Ne7 Rg7 53.
Nc6 Rg3 54. Ke2 Rh3 55. Ne5 Rxh4 56. Ng6+ 1-0

[Event "28.Schlosspark-Open"]
[Site "Wiesbaden-Biebrich"]
[Date "2016.08.28"]
[Round "6.57"]
[White "Ehmann, Johanna"]
[Black "SchÃ¶ber, Sebastian"]
[Result "0-1"]
[WhiteElo "1667"]
[BlackElo "1828"]
[PlyCount "130"]
[EventDate "2016.??.??"]
[WhiteTeam "SF Sasbach"]
[BlackTeam "SC Diez"]

1. e4 c5 2. Nf3 d6 3. d4 cxd4 4. Nxd4 Nf6 5. Nc3 a6 6. f3 e5 7. Nb3 Be6 8. Nd5
Nxd5 9. exd5 Bf5 10. Be3 Qc7 11. Bd3 Bxd3 12. Qxd3 Nd7 13. O-O Be7 14. Kh1 O-O
15. Rac1 Nf6 16. Nd2 Rfc8 17. Rfd1 Nd7 18. Nb3 Qc4 19. Qxc4 Rxc4 20. Nd2 Rc7
21. c4 Rac8 22. Nb3 Rxc4 23. Na5 Rxc1 24. Rxc1 Rxc1+ 25. Bxc1 b5 26. Nc6 Kf8
27. b4 Nb6 28. Nb8 Nxd5 29. Nxa6 Bd8 30. Nb8 Bc7 31. Nc6 Bb6 32. Bd2 Ke8 33. a3
Kd7 34. Na5 Bd4 35. Nb3 Bb2 36. Bc1 Bxc1 37. Nxc1 Ne3 38. Ne2 Nc2 39. Nc3 Nxa3
40. g3 Kc6 41. f4 f6 42. Kg2 Nc2 43. fxe5 fxe5 44. Na2 Kd5 45. Kf3 Kd4 46. h4
Kd3 47. g4 e4+ 48. Kf4 d5 49. Nc1+ Kd2 50. Nb3+ Kc3 51. Nc1 Kxb4 52. g5 Kc4 53.
g6 hxg6 54. Kg5 Nd4 55. Kxg6 b4 56. h5 b3 57. Nxb3 Kxb3 58. Kxg7 e3 59. Kg6 e2
60. h6 e1=Q 61. Kh7 Nf5 62. Kh8 Qe8+ 63. Kh7 Qf7+ 64. Kh8 Qg6 65. h7 Qg7# 0-1

[Event "28.Schlosspark-Open"]
[Site "Wiesbaden-Biebrich"]
[Date "2016.08.28"]
[Round "6.58"]
[White "Donecker, Stefan"]
[Black "Meyer, Marcel"]
[Result "1/2-1/2"]
[WhiteElo "1814"]
[BlackElo "1676"]
[PlyCount "48"]
[EventDate "2016.??.??"]
[WhiteTeam "TuS Dotzheim"]
[BlackTeam "SC Herborn"]

1. d4 Nf6 2. Nc3 d5 3. Bf4 c5 4. e3 cxd4 5. exd4 a6 6. h3 Nc6 7. Nf3 Bf5 8. Bd3
Bxd3 9. Qxd3 e6 10. O-O Rc8 11. Rfc1 Be7 12. Nd1 O-O 13. c3 Ne4 14. Ne3 Bd6 15.
Bxd6 Qxd6 16. Nf1 Na5 17. N1d2 Nxd2 18. Nxd2 Nc4 19. Nxc4 Rxc4 20. Re1 Rfc8 21.
a4 Qc6 22. a5 Ra4 23. Qd1 Rc4 24. Ra3 Rb8 1/2-1/2

[Event "28.Schlosspark-Open"]
[Site "Wiesbaden-Biebrich"]
[Date "2016.08.28"]
[Round "6.59"]
[White "KÃ¶llner, Felicitas Ophelia"]
[Black "Schmitt, Clemens"]
[Result "1-0"]
[WhiteElo "1600"]
[BlackElo "1802"]
[PlyCount "69"]
[EventDate "2016.??.??"]
[WhiteTeam "SV Bergneustadt/Derschlag"]
[BlackTeam "SV Bergwinkel"]

1. d4 Nf6 2. Nf3 g6 3. Nbd2 d5 4. e3 Bg7 5. b4 O-O 6. Bd3 e5 7. Nxe5 Ne4 8. Bb2
f6 9. Nef3 Qe7 10. b5 Re8 11. O-O Bg4 12. Qc1 Bh6 13. Nxe4 dxe4 14. Bc4+ Kh8
15. Nd2 Bg7 16. Bd5 c6 17. bxc6 bxc6 18. Bxe4 f5 19. Bf3 Bxf3 20. Nxf3 Nd7 21.
Rb1 Nb6 22. Re1 Nc4 23. Bc3 c5 24. Qd1 cxd4 25. Bxd4 Red8 26. Qe2 Nd6 27. Bxg7+
Qxg7 28. Red1 Qc7 29. Rb3 Ne4 30. Rxd8+ Rxd8 31. Rd3 Rb8 32. Rb3 Rc8 33. Nd4
Nc3 34. Qa6 Qf7 35. Qxc8+ 1-0

[Event "28.Schlosspark-Open"]
[Site "Wiesbaden-Biebrich"]
[Date "2016.08.28"]
[Round "6.60"]
[White "Lorenz, Hermann"]
[Black "Schmieder, Stefan"]
[Result "1/2-1/2"]
[WhiteElo "1663"]
[BlackElo "1796"]
[PlyCount "31"]
[EventDate "2016.??.??"]
[WhiteTeam "SF Mainz"]
[BlackTeam "SC Bad Soden"]

1. c4 c5 2. g3 Nf6 3. Bg2 e6 4. Nf3 d5 5. cxd5 exd5 6. O-O Be7 7. d4 O-O 8.
dxc5 Bxc5 9. Nbd2 Nc6 10. Nb3 Be7 11. Be3 Re8 12. Nbd4 h6 13. Rc1 Bd7 14. Nxc6
bxc6 15. Ne5 Qc7 16. Bd4 1/2-1/2

[Event "28.Schlosspark-Open"]
[Site "Wiesbaden-Biebrich"]
[Date "2016.08.28"]
[Round "6.62"]
[White "BÃ¶rkey, Joel"]
[Black "Zerhusen, Martin"]
[Result "1/2-1/2"]
[WhiteElo "1598"]
[BlackElo "1789"]
[PlyCount "71"]
[EventDate "2016.??.??"]
[WhiteTeam "Wiesbadener SV"]
[BlackTeam "SV Oberursel"]

1. d4 d5 2. Bf4 Nf6 3. e3 e6 4. Nf3 c5 5. c3 Nc6 6. Nbd2 Be7 7. Bd3 O-O 8. Qc2
a6 9. O-O Bd7 10. e4 g6 11. e5 Nh5 12. Bh6 Ng7 13. Rfe1 cxd4 14. Nxd4 Nxd4 15.
cxd4 Qb6 16. Be3 Rfc8 17. Qb3 Qxb3 18. Nxb3 Ba4 19. Nd2 Rc7 20. Nf1 Rac8 21.
Rec1 Bb4 22. Rxc7 Rxc7 23. Rc1 Rxc1 24. Bxc1 Kf8 25. Bd2 Be7 26. Ne3 Ne8 27.
Kf1 Nc7 28. Ba5 Bb5 29. Bxc7 Bxd3+ 30. Ke1 Bb4+ 31. Kd1 Ke8 32. a3 Be7 33. Kd2
Bb5 34. Kc3 Kd7 35. Ba5 Bg5 36. Kd2 1/2-1/2

[Event "28.Schlosspark-Open"]
[Site "Wiesbaden-Biebrich"]
[Date "2016.08.28"]
[Round "6.63"]
[White "Poetsch, Leonore"]
[Black "Viol, Julius"]
[Result "1-0"]
[WhiteElo "1777"]
[BlackElo "1586"]
[PlyCount "59"]
[EventDate "2016.??.??"]
[WhiteTeam "SK Langen"]
[BlackTeam "FC Bierstadt"]

1. d4 d5 2. c4 e6 3. Nc3 Nf6 4. Nf3 c6 5. Bg5 Be7 6. e3 O-O 7. c5 Nbd7 8. Bd3
h6 9. Bh4 Re8 10. O-O b5 11. b4 a5 12. bxa5 Qxa5 13. Qb3 Qa3 14. Bc2 Bb7 15.
Bg3 Ra6 16. Qxa3 Rxa3 17. Nb1 Ra6 18. a4 Rea8 19. Nc3 Ne8 20. Rab1 Ra5 21. axb5
cxb5 22. Bd3 Ra3 23. Rfc1 Bc6 24. Bxb5 Bxb5 25. Nxb5 R3a5 26. Kf1 Rc8 27. Ke2
Ndf6 28. Nc3 g5 29. Rb7 Rd8 30. c6 1-0

[Event "28.Schlosspark-Open"]
[Site "Wiesbaden-Biebrich"]
[Date "2016.08.28"]
[Round "6.64"]
[White "Krischak, Werner"]
[Black "Wachsmann, Elmar"]
[Result "1/2-1/2"]
[WhiteElo "1767"]
[BlackElo "1549"]
[PlyCount "41"]
[EventDate "2016.??.??"]
[WhiteTeam "SK Marburg"]
[BlackTeam "SC GroÃŸ-Umstadt"]

1. d4 d5 2. c4 e6 3. Nc3 Be7 4. Nf3 Nf6 5. Bg5 O-O 6. e3 c6 7. Bd3 dxc4 8. Bxc4
Nd5 9. Bxe7 Qxe7 10. O-O Nd7 11. a3 Re8 12. Rc1 Nxc3 13. Rxc3 e5 14. d5 e4 15.
d6 Qf6 16. Ne1 Nc5 17. f3 Be6 18. fxe4 Qg6 19. Bxe6 Nxe6 20. Nf3 Qxe4 21. Qb3
1/2-1/2

[Event "28.Schlosspark-Open"]
[Site "Wiesbaden-Biebrich"]
[Date "2016.08.28"]
[Round "6.65"]
[White "Papadopoulos, Ioannis"]
[Black "Hartel, Sandro"]
[Result "1/2-1/2"]
[WhiteElo "1762"]
[BlackElo "1531"]
[PlyCount "79"]
[EventDate "2016.??.??"]
[WhiteTeam "SV Oberursel"]
[BlackTeam "SC Bendorf"]

1. e4 e5 2. Nf3 Nc6 3. d4 exd4 4. Bc4 Be7 5. Nxd4 Ne5 6. Bb3 d6 7. Nc3 Nf6 8.
Bf4 O-O 9. O-O Ng6 10. Bg3 c5 11. Nf3 Nh5 12. Nd5 Nxg3 13. hxg3 Bg4 14. Ne3 Be6
15. Bd5 Ne5 16. Nxe5 dxe5 17. Bxe6 fxe6 18. Qg4 Qc8 19. Nc4 Bf6 20. Rad1 b5 21.
Nd6 Qd7 22. Qe2 Rab8 23. Qg4 Qe7 24. a4 a6 25. axb5 axb5 26. c4 bxc4 27. Nxc4
Rb4 28. Qe2 Rd8 29. Rxd8+ Qxd8 30. Rd1 Qb8 31. Rc1 Qb5 32. Qg4 Qa6 33. Ne3 Qc6
34. Rc2 g6 35. Qf3 Bg7 36. Ng4 Qxe4 37. Rxc5 Qxf3 38. gxf3 Rxb2 39. Nxe5 Bxe5
40. Rxe5 1/2-1/2

[Event "28.Schlosspark-Open"]
[Site "Wiesbaden-Biebrich"]
[Date "2016.08.28"]
[Round "6.66"]
[White "Goodwin, David"]
[Black "Binner, Peter"]
[Result "1/2-1/2"]
[WhiteElo "1504"]
[BlackElo "1751"]
[PlyCount "35"]
[EventDate "2016.??.??"]
[WhiteTeam "SV Kelsterbach"]
[BlackTeam "Vorw.Orient Mainz"]

1. Nf3 Nf6 2. g3 g6 3. Bg2 Bg7 4. d3 O-O 5. Nbd2 d6 6. O-O c5 7. Ng5 Nc6 8. c3
Qc7 9. Nge4 b6 10. Nxf6+ Bxf6 11. e4 Bb7 12. Nf3 Rac8 13. Bh3 Rcd8 14. Bh6 Rfe8
15. Ng5 Bc8 16. Bg2 Ne5 17. f3 Ba6 18. c4 1/2-1/2

[Event "28.Schlosspark-Open"]
[Site "Wiesbaden-Biebrich"]
[Date "2016.08.28"]
[Round "6.67"]
[White "Bayer, Melissa"]
[Black "van BÃ¶mmel, Philipp"]
[Result "0-1"]
[WhiteElo "1478"]
[BlackElo "1730"]
[PlyCount "80"]
[EventDate "2016.??.??"]
[WhiteTeam "SK GrÃ¼ndau"]
[BlackTeam "SC Hattersheim"]

1. e4 e6 2. d4 d5 3. exd5 exd5 4. Bd3 Nc6 5. Nf3 Bg4 6. c3 Bd6 7. Qb3 Nge7 8.
Qxb7 O-O 9. Nbd2 Rb8 10. Qa6 Rb6 11. Qa4 Ng6 12. O-O Nf4 13. Qc2 Nxd3 14. Qxd3
Ne7 15. h3 Bf5 16. Qe2 Ng6 17. Re1 Nf4 18. Qe3 Nd3 19. Re2 Bf4 20. Qe7 Qxe7 21.
Rxe7 Nxc1 22. Rxc1 Be6 23. Ne5 Bxd2 24. Rc2 Bf4 25. g3 Bxe5 26. dxe5 Rc8 27. h4
Kf8 28. Rxe6 fxe6 29. f4 g6 30. Kf2 h5 31. Kf3 Kg7 32. g4 hxg4+ 33. Kxg4 Rcb8
34. b3 a5 35. b4 Rc6 36. a3 axb4 37. axb4 Rxb4 38. Ra2 Rxc3 39. Ra6 Rbb3 40.
Rxe6 Rg3# 0-1

[Event "28.Schlosspark-Open"]
[Site "Wiesbaden-Biebrich"]
[Date "2016.08.28"]
[Round "6.68"]
[White "Rapp, Matthias"]
[Black "Werner, Tom"]
[Result "1-0"]
[WhiteElo "1728"]
[BlackElo "1242"]
[PlyCount "53"]
[EventDate "2016.??.??"]
[WhiteTeam "SF Mainz"]
[BlackTeam "VSG Offenbach"]

1. e4 e5 2. Nf3 Nc6 3. d4 exd4 4. c3 b6 5. cxd4 Bb7 6. Bc4 Nf6 7. e5 Ng8 8. O-O
d5 9. exd6 cxd6 10. Re1+ Be7 11. Qb3 Kd7 12. Bxf7 Nf6 13. Be6+ Ke8 14. Nc3 Rf8
15. Bg5 h6 16. Bh4 g5 17. Qc2 Rg8 18. Bxg8 Nxg8 19. Qg6+ Kd7 20. Qe6+ Kc7 21.
Nb5+ Kb8 22. Bg3 a6 23. Nxd6 Bxd6 24. Bxd6+ Ka7 25. d5 Nb8 26. Rac1 Nf6 27. Bc7
1-0

[Event "28.Schlosspark-Open"]
[Site "Wiesbaden-Biebrich"]
[Date "2016.08.28"]
[Round "6.71"]
[White "BÃ¶rkey, Luis"]
[Black "Schubert, Wolfgang"]
[Result "0-1"]
[WhiteElo "1591"]
[BlackElo "1931"]
[PlyCount "126"]
[EventDate "2016.??.??"]
[WhiteTeam "Wiesbadener SV"]
[BlackTeam "Wiesbadener SV"]

1. d4 d5 2. Bf4 c6 3. e3 Nf6 4. Nf3 Bg4 5. Nbd2 Nbd7 6. Bd3 e6 7. c3 Be7 8. h3
Bh5 9. O-O O-O 10. e4 dxe4 11. Nxe4 Nxe4 12. Bxe4 Nf6 13. Bc2 Qd5 14. Qd3 Bxf3
15. Qxf3 Qxf3 16. gxf3 Rac8 17. Bg5 Nd5 18. Bxe7 Nxe7 19. Rad1 Rfd8 20. Be4 h6
21. Rfe1 Kf8 22. Kg2 Rd7 23. Kf1 Rcd8 24. Ke2 Nd5 25. Bxd5 Rxd5 26. Rd3 g5 27.
Red1 Ke7 28. Ke3 Rf5 29. c4 Rf4 30. Rb3 b6 31. Ra3 Rd7 32. Rad3 Rh4 33. Rh1 f5
34. Rh2 Kf6 35. b3 h5 36. a3 g4 37. fxg4 hxg4 38. Kd2 Rdh7 39. Ke2 f4 40. d5
exd5 41. cxd5 cxd5 42. Rxd5 Rxh3 43. Rxh3 Rxh3 44. Rb5 Rc3 45. Kf1 Rc5 46. Rb4
Ke5 47. Kg2 Rd5 48. Rc4 Rd3 49. Rc7 Rxb3 50. Rxa7 Rb2 51. Kg1 Ke4 52. Rc7 Rb3
53. a4 Kf3 54. Rc2 Ra3 55. Rc4 g3 56. Rc1 Rxa4 57. fxg3 Kxg3 58. Kf1 f3 59. Rb1
b5 60. Kg1 Rc4 61. Rd1 b4 62. Rb1 b3 63. Kf1 b2 0-1

[Event "28.Schlosspark-Open"]
[Site "Wiesbaden-Biebrich"]
[Date "2016.08.28"]
[Round "6.72"]
[White "KÃ¼nne, Lutz Dieter"]
[Black "Klebs, Sebastian"]
[Result "1-0"]
[WhiteElo "1574"]
[BlackElo "1836"]
[PlyCount "81"]
[EventDate "2016.??.??"]
[WhiteTeam "KC Jena"]
[BlackTeam "Karlsruher SF"]

1. e4 c5 2. Nf3 e6 3. d4 cxd4 4. Nxd4 a6 5. Nc3 Qc7 6. Bd3 Nf6 7. g3 Bc5 8. Nb3
Ba7 9. Bg5 Nc6 10. Bxf6 gxf6 11. Qf3 Qe5 12. O-O-O Nd4 13. Nxd4 Bxd4 14. Bc4 b5
15. Bb3 Bxc3 16. Qxc3 Qxc3 17. bxc3 Bb7 18. Rhe1 Rc8 19. Kb2 Ke7 20. f4 Rc5 21.
e5 fxe5 22. Rxe5 Rxe5 23. fxe5 Rc8 24. Rd3 Rc5 25. Re3 d6 26. exd6+ Kxd6 27.
Rd3+ Bd5 28. Bxd5 Rxd5 29. Kc1 e5 30. Rf3 Ke6 31. g4 f6 32. h3 Rd7 33. Rd3 Rd5
34. Kd2 e4 35. Rd4 Ke5 36. Ke3 Rxd4 37. cxd4+ Kd5 38. c3 a5 39. a3 a4 40. h4 h6
41. h5 1-0

[Event "28.Schlosspark-Open"]
[Site "Wiesbaden-Biebrich"]
[Date "2016.08.28"]
[Round "6.73"]
[White "Ebeling, Leander"]
[Black "KnÃ¶dler, Marcel"]
[Result "1/2-1/2"]
[WhiteElo "1809"]
[BlackElo "1535"]
[PlyCount "86"]
[EventDate "2016.??.??"]
[WhiteTeam "SK Mainaschaff"]
[BlackTeam "FC Bierstadt"]

1. c4 c5 2. Nc3 b6 3. Nf3 Bb7 4. g3 g6 5. Bg2 Bg7 6. a3 Nc6 7. e3 e6 8. O-O
Nge7 9. d4 cxd4 10. Nxd4 Rb8 11. Ndb5 O-O 12. Qe2 a6 13. Nd6 Qc7 14. Nxb7 Rxb7
15. Rd1 Rd8 16. Rb1 Rbb8 17. Qc2 Na5 18. b3 b5 19. e4 bxc4 20. b4 Nac6 21. Bg5
Qe5 22. Bf4 Qxc3 23. Qxc3 Bxc3 24. Bxb8 Nxb8 25. Rdc1 Be5 26. Rxc4 Nbc6 27. f4
Bd4+ 28. Kh1 e5 29. f5 f6 30. fxg6 hxg6 31. a4 Rb8 32. Bh3 f5 33. exf5 Nxf5 34.
b5 axb5 35. axb5 Na5 36. Rc7 d6 37. Rd7 Bc5 38. Bf1 Nd4 39. h4 Ne6 40. b6 Rb7
41. Rxb7 Nxb7 42. Bc4 Kf7 43. Bd5 Nbd8 1/2-1/2

[Event "28.Schlosspark-Open"]
[Site "Wiesbaden-Biebrich"]
[Date "2016.08.28"]
[Round "6.74"]
[White "Mayer, Rolf"]
[Black "Niedenthal, Robert"]
[Result "0-1"]
[WhiteElo "1510"]
[BlackElo "1769"]
[PlyCount "90"]
[EventDate "2016.??.??"]
[WhiteTeam "SC FlÃ¶rsheim"]
[BlackTeam "SV Hofheim"]

1. d4 Nf6 2. Nf3 b5 3. c3 Bb7 4. Nbd2 a6 5. a4 bxa4 6. Qxa4 e6 7. e3 Be7 8. Be2
O-O 9. O-O d5 10. Ne5 Bd6 11. Ndf3 Ne4 12. c4 c5 13. cxd5 exd5 14. dxc5 Nxc5
15. Qc2 Ne4 16. Bd2 Qe7 17. Nd3 Nd7 18. Rfc1 Ndf6 19. Nd4 g6 20. f3 Nxd2 21.
Qxd2 Rfe8 22. Nc2 Nh5 23. Nf2 Bc5 24. Nd4 Ng7 25. Ng4 Rec8 26. Kh1 h5 27. Nf2
Re8 28. Nd1 Bb4 29. Qd3 Bd6 30. g3 h4 31. g4 a5 32. Nc6 Qd7 33. Qxd5 Re6 34.
Bb5 Ba6 35. Bxa6 Rxa6 36. Nd4 Re5 37. Qc4 Ra8 38. Qc6 Qd8 39. Nb5 Bb4 40. Rc4
Qd2 41. Qxa8+ Re8 42. Qxe8+ Nxe8 43. h3 Qe1+ 44. Kg2 Qe2+ 45. Nf2 Qxc4 0-1

[Event "28.Schlosspark-Open"]
[Site "Wiesbaden-Biebrich"]
[Date "2016.08.28"]
[Round "6.76"]
[White "Jahraus, Marlis"]
[Black "Deutsch, Christoph"]
[Result "0-1"]
[WhiteElo "1453"]
[BlackElo "1623"]
[PlyCount "88"]
[EventDate "2016.??.??"]
[WhiteTeam "SC Untergrombach"]
[BlackTeam "SK GrÃ¼ndau"]

1. e4 e5 2. Bc4 Nc6 3. Nc3 Nf6 4. d3 h6 5. f4 exf4 6. Bxf4 Na5 7. Bb3 Nxb3 8.
axb3 Bb4 9. Nge2 d5 10. O-O dxe4 11. Nb5 Nd5 12. dxe4 Nxf4 13. Qxd8+ Kxd8 14.
Rxf4 Be6 15. Rd1+ Kc8 16. Kh1 c6 17. e5 cxb5 18. Rxb4 a6 19. Rbd4 Kc7 20. Nf4
Rhd8 21. Nxe6+ fxe6 22. g4 Rxd4 23. Rxd4 Rd8 24. Rxd8 Kxd8 25. Kg2 Kd7 26. Kf3
Kc6 27. Ke4 Kc5 28. c3 a5 29. h4 g5 30. h5 b6 31. b4+ axb4 32. Kd3 bxc3 33.
Kxc3 b4+ 34. Kd3 Kd5 35. b3 b5 36. Kd2 Kxe5 37. Ke3 Kd5 38. Kd3 e5 39. Ke3 e4
40. Ke2 Kd4 41. Kd2 e3+ 42. Ke2 Ke4 43. Ke1 Kf3 44. Kf1 Kxg4 0-1

[Event "28.Schlosspark-Open"]
[Site "Wiesbaden-Biebrich"]
[Date "2016.08.28"]
[Round "6.77"]
[White "Schneider, Luca"]
[Black "Hegener, Daniel"]
[Result "1/2-1/2"]
[WhiteElo "1369"]
[BlackElo "1626"]
[PlyCount "42"]
[EventDate "2016.??.??"]
[WhiteTeam "FC Bierstadt"]
[BlackTeam "SC Eschborn"]

1. Nf3 d5 2. c4 dxc4 3. Na3 a6 4. Nxc4 b5 5. Na3 Nf6 6. d4 Bb7 7. e3 Nbd7 8.
Be2 g6 9. O-O Bg7 10. b3 O-O 11. Bb2 Rc8 12. Rc1 c5 13. Qd2 Ne4 14. Qd1 cxd4
15. Bxd4 Rxc1 16. Qxc1 Nef6 17. Rd1 Qc8 18. Qb2 Rd8 19. Nb1 Qb8 20. Nbd2 Rc8
21. Rc1 Rxc1+ 1/2-1/2

[Event "28.Schlosspark-Open"]
[Site "Wiesbaden-Biebrich"]
[Date "2016.08.28"]
[Round "6.78"]
[White "Stork, Christopher"]
[Black "Kirchner, Stefan"]
[Result "1-0"]
[WhiteElo "1654"]
[BlackElo "1510"]
[PlyCount "65"]
[EventDate "2016.??.??"]
[WhiteTeam "SV Oberursel"]
[BlackTeam "SF SchÃ¶neck"]

1. e4 d6 2. d4 Nf6 3. Nc3 Nbd7 4. Be3 e5 5. Nf3 Be7 6. d5 a5 7. Bd3 Nc5 8. Bxc5
dxc5 9. Nxe5 O-O 10. O-O Bd6 11. Nc4 Bf4 12. Qf3 Bh6 13. e5 Nd7 14. Qe4 g6 15.
f4 b5 16. Ne3 c4 17. Be2 f5 18. Qd4 Ba6 19. d6 c6 20. e6 Bg7 21. Qd2 Rf6 22.
exd7 Qxd7 23. Rad1 Rd8 24. Bf3 Rxd6 25. Qxd6 Qxd6 26. Rxd6 Rxd6 27. Rd1 Re6 28.
Kf2 b4 29. Na4 Bf8 30. Rd8 Kg7 31. g4 Bb5 32. Nb6 Bc5 33. Rd7+ 1-0

[Event "28.Schlosspark-Open"]
[Site "Wiesbaden-Biebrich"]
[Date "2016.08.28"]
[Round "6.79"]
[White "BÃ¶rkey, Pierre"]
[Black "Deutsch, Volker"]
[Result "1-0"]
[WhiteElo "1399"]
[BlackElo "1600"]
[PlyCount "59"]
[EventDate "2016.??.??"]
[WhiteTeam "Wiesbadener SV"]
[BlackTeam "SK GrÃ¼ndau"]

1. d4 d5 2. Bf4 Nf6 3. e3 Bf5 4. Nf3 e6 5. Nbd2 Bd6 6. Bg3 O-O 7. c4 c6 8. Qb3
Bxg3 9. hxg3 Qc7 10. Bd3 Bg6 11. Ke2 Nbd7 12. Rh2 Ne4 13. Bxe4 dxe4 14. Ng5 Nf6
15. Rah1 h6 16. Rh4 Bh5+ 17. Rxh5 Nxh5 18. Rxh5 hxg5 19. Nxe4 f6 20. c5 Rfe8
21. Nd6 Re7 22. Qd3 f5 23. Qc4 g6 24. Rxg5 Kh7 25. d5 cxd5 26. Qh4+ Kg8 27.
Rxg6+ Rg7 28. Qf6 Kh8 29. Rh6+ Kg8 30. Qxe6+ 1-0

[Event "28.Schlosspark-Open"]
[Site "Wiesbaden-Biebrich"]
[Date "2016.08.28"]
[Round "6.80"]
[White "Held, Gerd"]
[Black "Masoudi, Kian"]
[Result "1-0"]
[WhiteElo "1462"]
[BlackElo "1594"]
[PlyCount "75"]
[EventDate "2016.??.??"]
[WhiteTeam "SC GroÃŸ-Zimmern"]
[BlackTeam "SC Bergen-Enkheim"]

1. c4 e5 2. g3 g6 3. Bg2 Bg7 4. Nc3 f5 5. d3 c6 6. Nf3 d6 7. O-O Nf6 8. a3 O-O
9. Rb1 Qe7 10. Qc2 Na6 11. b4 Nc7 12. Re1 d5 13. cxd5 Nfxd5 14. Nxd5 Nxd5 15.
Nd2 Be6 16. Nb3 Nc7 17. Nc5 Nb5 18. Nxe6 Qxe6 19. Qb3 Rfe8 20. Qxe6+ Rxe6 21.
Bb2 Rf8 22. Bh3 e4 23. Bxg7 Kxg7 24. dxe4 Rxe4 25. Bg2 Re5 26. Rb3 Rd8 27. f4
Re7 28. Kf2 Rd2 29. Re3 Red7 30. a4 Nd4 31. Re5 Kf7 32. Rb1 Nc2 33. b5 cxb5 34.
axb5 b6 35. Bc6 Rc7 36. Rc1 Nd4 37. Be8+ Kg7 38. Rxc7+ 1-0

[Event "28.Schlosspark-Open"]
[Site "Wiesbaden-Biebrich"]
[Date "2016.08.28"]
[Round "6.81"]
[White "WÃ¶hl, Torsten"]
[Black "Klinke, Roland"]
[Result "1-0"]
[WhiteElo "1592"]
[BlackElo "1438"]
[PlyCount "55"]
[EventDate "2016.??.??"]
[WhiteTeam "SC GroÃŸ-Zimmern"]
[BlackTeam "TuS Dotzheim"]

1. d4 Nf6 2. Bf4 d5 3. e3 e6 4. Nf3 c5 5. c3 cxd4 6. exd4 Be7 7. Bd3 O-O 8. Qc2
h6 9. Nbd2 b6 10. Ne5 Qe8 11. g4 Nbd7 12. Ndf3 Bb7 13. Bg3 Qd8 14. g5 hxg5 15.
Nxg5 g6 16. Nxg6 fxg6 17. Nxe6 Qc8 18. Nxf8 Nxf8 19. Bxg6 Qe6+ 20. Be5 Qg4 21.
Bd3 Qg2 22. O-O-O Qg5+ 23. f4 Qh6 24. Rhg1+ Kh8 25. Rg3 Bc6 26. Bf5 Be8 27.
Rdg1 Bf7 28. Rh3 1-0

[Event "28.Schlosspark-Open"]
[Site "Wiesbaden-Biebrich"]
[Date "2016.08.28"]
[Round "6.82"]
[White "Reinecke, Alexander"]
[Black "GieÃŸelbach, Christian"]
[Result "1-0"]
[WhiteElo "1118"]
[BlackElo "1588"]
[PlyCount "51"]
[EventDate "2016.??.??"]
[WhiteTeam "SK Langen"]
[BlackTeam "TuS Dotzheim"]

1. e4 c6 2. d4 d5 3. exd5 cxd5 4. Nf3 Bf5 5. Bb5+ Nc6 6. Ne5 Qa5+ 7. Nc3 Rc8 8.
O-O e6 9. Bd2 Bb4 10. a3 Bxc3 11. Bxc6+ bxc6 12. Bxc3 Qc7 13. Bb4 Ne7 14. c4
O-O 15. cxd5 cxd5 16. Rc1 Qb7 17. Qa4 Rfd8 18. Bxe7 Qxe7 19. Nc6 Qg5 20. Nxd8
Qxd8 21. Rxc8 Qxc8 22. Qxa7 f6 23. b4 Qc3 24. b5 e5 25. b6 Qxd4 26. Qa8+ 1-0

[Event "28.Schlosspark-Open"]
[Site "Wiesbaden-Biebrich"]
[Date "2016.08.28"]
[Round "6.83"]
[White "Lehmann, Wolfgang"]
[Black "Tiggemann, Felix"]
[Result "1-0"]
[WhiteElo "1585"]
[BlackElo "1411"]
[PlyCount "61"]
[EventDate "2016.??.??"]
[WhiteTeam "Wiesbadener SV"]
[BlackTeam "SF SchÃ¶neck"]

1. d4 d5 2. Nf3 e6 3. Bf4 Nf6 4. e3 c5 5. c3 Qb6 6. Qc1 Bd7 7. Nbd2 Be7 8. Be2
O-O 9. O-O Nc6 10. h3 Rac8 11. Qb1 c4 12. Re1 h6 13. Bd1 Nh5 14. Ne5 Nxe5 15.
Bxe5 Nf6 16. Nf3 Ne4 17. Bc2 Nd6 18. Bg3 f6 19. e4 dxe4 20. Bxe4 Nxe4 21. Qxe4
Qxb2 22. Rab1 Qxa2 23. Rxb7 Bc6 24. Qxe6+ Kh8 25. Rxe7 a5 26. Nh4 Kh7 27. Qg4
Rg8 28. Qf5+ Kh8 29. Ng6+ Kh7 30. Nf8+ Kh8 31. Qh7# 1-0